Countries Closest to Dublin - Statistics

General Stats
  • This quiz has been taken 120 times
  • The average score is 10 of 10
Answer Stats
Distance (Kilometers (Miles)) Countries % Correct
79.9 (49.7) United Kingdom
100%
501.1 (311.4) France
99%
841.1 (522.6) Germany
98%
650.1 (403.9) Belgium
97%
957.3 (594.8) Denmark
97%
686.9 (426.9) Netherlands
97%
1067.2 (663.1) Spain
96%
910 (565.5) Luxembourg
95%
1,139.3 (707.9) Switzerland
91%
939.7 (583.9) Norway
90%
No matching quizzes found
Score Distribution
Percent of People with Each Score
Percentile by Number Answered
Your Score History
You have not taken this quiz